000 01583cam a22003737a 4500
001 17000580
003 Nust- CAS-E
005 20180118181407.0
008 111014s2011 maua b 001 0 eng d
010 _a 2011284650
020 _a9780470927120
020 _a0470927127
035 _a(OCoLC)ocn681054895
040 _aYDXCP
_cYDXCP
_dFXN
_dMIA
_dCDX
_dDLC
042 _alccopycat
050 0 0 _aTD427.P4
_bC5724 2011
082 0 0 _a363.1
_223
_bCHE-E 2011
100 1 _aCheremisinoff, Nicholas P.
245 1 0 _aEmergency response management of offshore oil spills :
_bguidelines for emergency responders /
_cNicholas P. Cheremisinoff and Anton Davletshin.
260 _aSalem, MA :
_bScrivener ;
_aHoboken, NJ :
_bWiley,
_cc2011.
300 _axii, 529 p. :
_bill. ;
_c25 cm.
502 _a0
504 _aIncludes bibliographical references and index.
650 0 _aOil spills
_xManagement.
650 0 _aOil spills
_xRisk assessment.
650 0 _aBP Deepwater Horizon Explosion and Oil Spill, 2010.
700 1 _aDavletshin, Anton R.
856 4 2 _3Contributor biographical information
_uhttp://www.loc.gov/catdir/enhancements/fy1202/2011284650-b.html
856 4 2 _3Publisher description
_uhttp://www.loc.gov/catdir/enhancements/fy1202/2011284650-d.html
856 4 1 _3Table of contents only
_uhttp://www.loc.gov/catdir/enhancements/fy1202/2011284650-t.html
906 _a7
_bcbc
_ccopycat
_d2
_encip
_f20
_gy-gencatlg
942 _2ddc
_cBK
999 _c355627
_d355627